000 00335nam a2200121 4500
999 _c9478
_d9478
008 180705b ||||| |||| 00| 0 eng d
100 _928182
_aYap, Dj
245 _aPeace talks back to square one/
_cDj Yap
260 _aPhilippines
_bPhilippine Daily Inquirer
_cc2016
300 _apage A2.
650 0 _928183
_aPeace.
942 _2ddc
_cPER